Văn học 7 T.1

Guardat en:
Dades bibliogràfiques
Autor principal: Vũ, Ngọc Khánh
Altres autors: Tống, Trần Ngọc
Format: Llibre
Idioma:Undetermined
Publicat: H. Giáo dục 1996
Matèries:
Accés en línia:http://lrc.tdmu.edu.vn/opac/search/detail.asp?aID=2&ID=4906
Etiquetes: Afegir etiqueta
Sense etiquetes, Sigues el primer a etiquetar aquest registre!
Thư viện lưu trữ: Trung tâm Học liệu Trường Đại học Thủ Dầu Một
LEADER 00645nam a2200217Ia 4500
001 TDMU_4906
008 210410s9999 xx 000 0 und d
082 |a 807.071 
090 |b V500 
100 |a Vũ, Ngọc Khánh 
245 0 |a Văn học 7 
245 0 |c Vũ Ngọc Khánh 
245 0 |n T.1 
260 |a H. 
260 |b Giáo dục 
260 |c 1996 
300 |a 96tr 
650 |a Sách lớp 7  |v Giáo khoa; Văn học  |x Dạy và học 
700 |a Tống, Trần Ngọc 
856 |u http://lrc.tdmu.edu.vn/opac/search/detail.asp?aID=2&ID=4906 
980 |a Trung tâm Học liệu Trường Đại học Thủ Dầu Một